| 000 | 00494nam a2200169Ia 4500 | ||
|---|---|---|---|
| 020 | _a(hb) | ||
| 082 |
_a297.64 _bNUM _cL-31,P38. |
||
| 100 |
_aShibli Nu'Mani _937507 |
||
| 245 |
_aOmar the great: _b(the second caliph of Islam) |
||
| 260 |
_aLahore: _bSh. Muhammad Ashraf, _c1966 |
||
| 300 | _a295p. | ||
| 500 | _aLibrary has 2 volumes | ||
| 526 |
_a0 _b0 _c0 _d297_640000000000000_NUM |
||
| 650 |
_aUmar (R.A.), Caliph, 583-644. _937508 |
||
| 700 |
_aKhan, Zafar Ali _937509 |
||
| 942 |
_2ddc _cBK |
||
| 999 |
_c542375 _d542375 |
||